Statistics for General trivia

Click here to take the quiz!

General Stats

  • This quiz has been taken 110 times
    (104 since last reset)
  • The average score is 4 of 12

Answer Stats

HintAnswer% Correct
How many months does the moon needs to circle around the planet earth ?One
90%
What is the first name of RAMBO?John
71%
The small african country Lesotho is surrounded by which other country ?South Africa
61%
In what year did the disaster at the tsjernobyl atomic plant happen ?1986
51%
What is the most well known artificial language ?Esperanto
36%
Who's the co-creator of the show Seinfeld - and star in 'Curb Your Enthousiasm' ?Larry David
35%
Who created the comic figure Tintin ?Hergé
24%
What's the name of the peninsula in the most southern part of south-america?Tierra del Fuego
21%
On who's book is the movie 'East of Eden', starring James Dean, based?John Steinbeck
18%
What's the name of the first affordable automobile, created by Ford ?Ford T-Model
10%
What's the name of the bass player of Nirvana ?Krist Novoselic
3%
What is the name of the best known company that produces floral foam ?Smithers - Oasis
3%

Score Distribution

Percentile by Number Answered

Percent of People with Each Score

Your Score History

You have not taken this quiz since the last reset